US States Venn Diagram Quiz Stats

 Plays Quiz Updated May 11, 2018

Challenge
Share
Tweet
Score 0/8 Timer 03:00
27 Plays Today
% Correct
Montana
91.6%
California
88.8%
Louisiana
80.5%
Michigan
73.9%
Oregon
73.7%
Illinois
73.5%
New Jersey
73.4%
Utah
49.1%

You're not logged in!

Compare scores with friends on all Sporcle quizzes.
OR
Log In

You Might Also Like...

Show Comments

Extras

Top Quizzes Today


Score Distribution

Your Account Isn't Verified!

In order to create a playlist on Sporcle, you need to verify the email address you used during registration. Go to your Sporcle Settings to finish the process.

Report this User

Report this user for behavior that violates our Community Guidelines.

Details: